书目信息 |
| 题名: |
英国小说批评史
|
|
| 作者: | 殷企平 , 高奋 , 童燕萍 著 | |
| 分册: | ||
| 出版信息: | 上海 上海外语教育出版社 2001.09 |
|
| 页数: | 353页 | |
| 开本: | 21cm | |
| 丛书名: | ||
| 单 册: | ||
| 中图分类: | I , I561.074 | |
| 科图分类: | ||
| 主题词: | 文学 | |
| 电子资源: | ||
| ISBN: | 7-81080-249-6 | |
| 000 | 00797nam0 2200241 45 | |
| 001 | 0357020807 | |
| 005 | 2003062615502080 | |
| 010 | @a7-81080-249-6@dRMB 20.60 | |
| 100 | @a20030626d2001 km y0chiy0120 ea | |
| 101 | 0 | @achi |
| 200 | 1 | @a英国小说批评史@Aying guo xiao shuo pi ping shi@eA History of Criticism of English Fiction@f殷企平,高奋,童燕萍著@FYin Qi Ping,Gao Fen,Tong Yan Ping Zhu |
| 210 | @a上海@c上海外语教育出版社@d2001.09 | |
| 215 | @a353页@d21cm | |
| 300 | @a国家教育部人文社会科学研究项目 | |
| 517 | @aA History of Criticism of English Fiction@A | |
| 606 | 0 | @a文学 |
| 690 | @aI@v4 | |
| 690 | @aI561.074@v3 | |
| 701 | 0 | @a殷企平@AYin Qi Ping@4著 |
| 701 | 0 | @a高奋@AGao Fen@4著 |
| 701 | 0 | @a童燕萍@ATong Yan Ping@4著 |
| 801 | 0 | @aCN@bPFT@c20030626 |
| 905 | @a@dI561.074@eY584 | |
| 英国小说批评史:A History of Criticism of English Fiction/殷企平,高奋,童燕萍著.-上海:上海外语教育出版社,2001.09 |
| 353页;21cm |
| 国家教育部人文社会科学研究项目 |
| ISBN 7-81080-249-6:RMB 20.60 |
| ● |
| 相关链接 |
|
|
|
正题名:英国小说批评史
索取号:I561.074/Y584
 
预约/预借
| 序号 | 登录号 | 条形码 | 馆藏地/架位号 | 状态 | 备注 |
| 1 | 370905 | 203709059 | 文学库116/116文学库 19排3列1层/ [索取号:I561.074/Y584] | 在馆 | |
| 2 | 370906 | 203709068 | 文学库116/116文学库 19排3列1层/ [索取号:I561.074/Y584] | 在馆 |